00478nam a22001217a 4500082000800000100001800008245013600026260003600162300001900198650004700217700003500264856005700299 a200 aJamil, Mohsin aAssessment of BIM'S Application on Construction Projects Life Cycle, Its Current State-of-Awareness & a Case-study / cMohsin Jamil aIslamabad :bMCE - NUST,c2015. a84 p. ;c30cm. aMS-Construction Engineering and Management aSupervisor: Dr. Sarfraz Ahmed uhttp://10.250.8.41:8080/xmlui/handle/123456789/11779